Dos dramas de amor, poder y desamor (Record no. 97992)

MARC details
000 -LEADER
campo de control de longitud fija 00465nam a2200157 i 4500
001 - NÚMERO DE CONTROL
campo de control 97992
003 - IDENTIFICADOR DE NÚMERO DE CONTROL
campo de control ES-MaACL
005 - FECHA Y HORA DE LA ÚLTIMA TRANSACCIÓN
campo de control 20230906182210.0
007 - CAMPO FIJO DE DESCRIPCIÓN FÍSICA--INFORMACIÓN GENERAL
campo de control de longitud fija t|
008 - DATOS DE LONGITUD FIJA--INFORMACIÓN GENERAL
campo de control de longitud fija 050721s1970 pr ||||1| spa d
100 1# - ENTRADA PRINCIPAL--NOMBRE DE PERSONA
Nombre de persona Marqués, René.
9 (RLIN) 76982
245 10 - MENCIÓN DEL TÍTULO
Título Dos dramas de amor, poder y desamor
Resto del título : David y Jonatán. Tito y Berenice.
260 ## - PUBLICACIÓN, DISTRIBUCIÓN, ETC.
Lugar de publicación, distribución, etc. Rio Piedras (Puerto Rico) :
Nombre del editor, distribuidor, etc. Antillana,
Fecha de publicación, distribución, etc. 1970.
300 ## - DESCRIPCIÓN FÍSICA
Extensión 101 p. ;
Dimensiones 21 cm.
852 ## - LOCALIZACIÓN
Ubicación ES-MaACL
Número de control de estantería C-39370
Sublocalización o colección R.75977
Holdings
Estatus retirado Estado de pérdida Estado de daño No para préstamo Biblioteca de origen Biblioteca actual Ubicación en estantería Fecha de adquisición Fuente de adquisición Total de préstamos Signatura topográfica completa Código de barras Visto por última vez Precio de reemplazo Tipo de ítem Koha
        Biblioteca del Ateneo de Madrid Biblioteca del Ateneo de Madrid Depósito 2 17/01/2008     C-39370 1102295 23/02/2023 23/02/2023 Libro impreso